Hyperborea /

Guardat en:
Dades bibliogràfiques
Autor principal: Smith, Clark Ashton (autor)
Altres autors: Carter, Lin (introducción) (introducción)
Format: Llibre
Idioma:espanyol
Publicat: Madrid, España : EDAF, 1978, c1978
Col·lecció:(Ciencia Ficción ; 19)
Matèries:
Etiquetes: Afegir etiqueta
Sense etiquetes, Sigues el primer a etiquetar aquest registre!

MARC

LEADER 00000nam^a2200000^a^4500
001 000563927
005 20250521000000.0
009 20260310132016.538
020 |a 84-7166-560-3 
037 |a Acervo ITESO - Biblioteca 
041 |a ESP 
082 |a 813.  |b SMI 
100 |a Smith, Clark Ashton  |e (autor) 
245 1 0 |a Hyperborea /  |c C.A. Smith ; introd. de L. Carter ; tr. por Guadalupe Rubio de Urquía. 
264 4 |a Madrid, España :  |b EDAF,  |c 1978, c1978 
300 |a 285 p. 
336 |a texto  |b txt  |2 rdacontenido 
337 |a sin mediación  |b n  |2 rdamedio 
338 |a volumen  |b nc  |2 rdasoporte 
440 1 |a (Ciencia Ficción ;  |v 19) 
500 |a Traducción de: Hyperborea 
649 |a XX 
650 |a Cuentos Norteamericanos 
650 |a Literatura Norteamericana -  |y Siglo XX 
650 |a Literatura Fantástica -  |z EUA 
650 |a Literatura de Ciencia-Ficción -  |z EUA 
700 |a Carter, Lin  |e (introducción) 
910 |a Fondo Salvador Reynoso Reynoso 
920 |a Impresos - Libros 
930 |a Fondos Especiales 
940 |a Literatura 
905 |a 112 
901 |a 0500400081  |b IT2  |c ESP  |i 06944  |u 20250521 
902 |a https://opac.biblio.iteso.mx/vufind/Record/000563927